ARRUPE JESUIT UNIVERSITY

CORONAVIRUS -STOP THE SPREAD - CLEAN,DISINFECT,COVER

A distant prospect, (Record no. 120013)

MARC details
000 -LEADER
fixed length control field 00886cam a22002531 4500
001 - CONTROL NUMBER
control field 8338015
003 - CONTROL NUMBER IDENTIFIER
control field ARRUPE
005 - DATE AND TIME OF LATEST TRANSACTION
control field 20140207141004.0
008 - FIXED-LENGTH DATA ELEMENTS--GENERAL INFORMATION
fixed length control field 760915s1945 enkc 000 0aeng
010 ## - LIBRARY OF CONGRESS CONTROL NUMBER
LC control number 45009267
035 ## - SYSTEM CONTROL NUMBER
System control number (OCoLC)2432317
040 ## - CATALOGING SOURCE
Original cataloging agency DLC
Transcribing agency AzTeS
Modifying agency AzTeS
-- DLC
042 ## - AUTHENTICATION CODE
Authentication code premarc
050 00 - LIBRARY OF CONGRESS CALL NUMBER
Classification number DA566.9.B45
Item number A18
300 ## - PHYSICAL DESCRIPTION
Other physical details front., 8 ports.
Dimensions 19 cm.
100 1# - MAIN ENTRY--PERSONAL NAME
Personal name Berners, Gerald Hugh Tyrwhitt-Wilson,
Titles and other words associated with a name Baron,
Dates associated with a name 1883-1950.
9 (RLIN) 8549
245 12 - TITLE STATEMENT
Title A distant prospect,
Remainder of title a sequel to First childhood,
Statement of responsibility, etc by Lord Berners, with a frontispiece by the author and three photographs.
260 ## - PUBLICATION, DISTRIBUTION, ETC. (IMPRINT)
Place of publication, distribution, etc London,
Name of publisher, distributor, etc Constable
Date of publication, distribution, etc [1945]
300 ## - PHYSICAL DESCRIPTION
Extent 125 p.
500 ## - GENERAL NOTE
General note "First published 1945."
500 ## - GENERAL NOTE
General note Autobiography.
600 10 - SUBJECT ADDED ENTRY--PERSONAL NAME
Personal name Berners, Gerald Hugh Tyrwhitt-Wilson,
Titles and other words associated with a name Baron,
Dates associated with a name 1883-1950.
9 (RLIN) 8550
906 ## - LOCAL DATA ELEMENT F, LDF (RLIN)
a 7
b cbc
c oclcrpl
d u
e ncip
f 19
g y-gencatlg
942 ## - ADDED ENTRY ELEMENTS (KOHA)
Source of classification or shelving scheme Library of Congress Classification
Koha item type Monograph ( Printed materials)
Holdings
Withdrawn status Lost status Source of classification or shelving scheme Damaged status Not for loan Collection code Home library Current library Shelving location Date acquired Total Checkouts Full call number Barcode Date last seen Price effective from Koha item type
    Library of Congress Classification     REFERENCE ARRUPE LIBRARY ARRUPE LIBRARY Main Collection 07/02/2014   SPC DA566.9.B45 A18 46500000132 27/10/2017 07/02/2014 REFERENCE

 

Arrupe Library. PO Box MP320 Mt Pleasant, Harare, Zimbabwe
263 242 745411|librarian@aju.ac.zw